Shrinkage, collapse and dimensional recovery of regrowth jarrah

Bibliographic Details
Main Author: THOMSON
Corporate Author: Wood Utilisation Research Centre (W. A.)
Format: Book
Published: (Como, W. A.) : Wood Utilisation Research Centre , 1989
Subjects:

MARC

LEADER 00000cam a2200000 7i4500
001 0000002239
005 20030401.0
090 0 0 |a 333.17498   |b THO 1989 
100 1 0 |a THOMSON   |h A. B. 
245 1 0 |a Shrinkage, collapse and dimensional recovery of regrowth jarrah   |c A. B. Thomson 
260 0 0 |a (Como, W. A.) :   |b Wood Utilisation Research Centre ,   |c 1989 
300 |a v, 9 p. ;   |c 30 cm. 
500 0 0 |a Bibliography : p. 9 
650 0 0 |a Jarrah 
650 0 0 |a Lumber   |x Drying 
710 1 1 |a Wood Utilisation Research Centre (W. A.) 
998 |a JPSM 
999 |a 0000003166   |b Monograph   |c Open Shelf   |e Default branch